| 000 | 00336nam a2200109Ia 4500 | ||
|---|---|---|---|
| 008 | 171211s9999 xx 000 0 und d | ||
| 245 | _aElephants in Space: The Past, Present and Future of Life and the Universe | ||
| 245 | _cBen Moore | ||
| 260 | _c2014 | ||
| 650 | _xASTRONOMY | ||
| 856 | _uhttp://down.ebook777.com/063/9783319056715.pdf | ||
| 999 |
_c349401 _d349401 |
||